| 000 -LEADER |
| fixed length control field |
01379nam a2200241Ia 4500 |
| 001 - CONTROL NUMBER |
| control field |
19860 |
| 003 - CONTROL NUMBER IDENTIFIER |
| control field |
GE_BSU |
| 008 - FIXED-LENGTH DATA ELEMENTS--GENERAL INFORMATION |
| fixed length control field |
181216s||||||||xx |||||||||||||| ||und|| |
| 020 ## - INTERNATIONAL STANDARD BOOK NUMBER |
| International Standard Book Number |
99940096 |
| 040 ## - CATALOGING SOURCE |
| Transcribing agency |
GE_BSU |
| 080 ## - UNIVERSAL DECIMAL CLASSIFICATION NUMBER |
| Universal Decimal Classification number |
659.4 |
| 245 ## - TITLE STATEMENT |
| Title |
საზოგადოებასთან ურთიერთობის სამაგიდო ენციკლოპედია=Public Relations/საზოგადოებასთან ურთიერთობის სააგენტო "პროფილი |
| 245 ## - TITLE STATEMENT |
| Statement of responsibility, etc. |
პროექტის ავტ. ხელმ. და მთ.რედ. ე. მარია. მოწვეული რედ. მარიკა დარჩია. რევაზ სურგულაძე. ვანო ჭიაურელი და სხვ. |
| 260 ## - PUBLICATION, DISTRIBUTION, ETC. |
| Place of publication, distribution, etc. |
თბილისი |
| 260 ## - PUBLICATION, DISTRIBUTION, ETC. |
| Name of publisher, distributor, etc. |
ცოტნე |
| 260 ## - PUBLICATION, DISTRIBUTION, ETC. |
| Date of publication, distribution, etc. |
2006 |
| 300 ## - PHYSICAL DESCRIPTION |
| Extent |
293გვ. 29სმ. |
| 653 ## - INDEX TERM--UNCONTROLLED |
| Uncontrolled term |
ბიბლიოთეკარი |
| 653 ## - INDEX TERM--UNCONTROLLED |
| Uncontrolled term |
საზოგადოებასთან ურთიერთობის სამაგიდო ენციკლოპედია=Public Relations/საზოგადოებასთან ურთიერთობის სააგენტო "პროფილი |
| 653 ## - INDEX TERM--UNCONTROLLED |
| Uncontrolled term |
ქსეროქსი |
| 942 ## - ADDED ENTRY ELEMENTS (KOHA) |
| Koha item type |
წიგნი |